00584 2200229 4500001002100000005001500021008004100036020001800077035002500095041000800120082001500128090001500143100001800158245002300176250001600199260003600215300003500251650001300286650001800299700001700317700002000334INLIS00000000000589820130515155416 ind  a979-489-215-7 a0010-051300000005898 aind a579.530 46 a579.530 46 aJoko, Martoyo aBudi Daya Teripang aCetakan : 2 aJakartabPenyebar Swadayac1996 aviii, 669 hlm. : ilus. ;21 cm. aTeripang aPembudidayaan aNugroho, Ali aTjahyo, Winanto